Sports Quiz

Random Sports Quiz

Manchester United XI since 2000 Quiz Stats

Quiz not verified by Sporcle

Challenge
Share
Tweet
Embed
Score 0/209 Timer 10:00
0 Plays Today
Hint Answer % Correct
1999/2000Paul Scholes
100%
2000/2001Paul Scholes
100%
2001/2002Paul Scholes
100%
2002/2003Paul Scholes
100%
2003/2004Paul Scholes
100%
2004/2005Paul Scholes
100%
2005/2006Paul Scholes
100%
2006/2007Paul Scholes
100%
2009/2010Paul Scholes
100%
1999/2000Ryan Giggs
99.2%
2000/2001Ryan Giggs
99.2%
2001/2002Ryan Giggs
99.2%
2002/2003Ryan Giggs
99.2%
2003/2004Ryan Giggs
99.2%
2004/2005Ryan Giggs
99.2%
2004/2005Wayne Rooney
99.2%
2005/2006Ryan Giggs
99.2%
2005/2006Wayne Rooney
99.2%
2006/2007Ryan Giggs
99.2%
2006/2007Wayne Rooney
99.2%
2007/2008Ryan Giggs
99.2%
2007/2008Wayne Rooney
99.2%
2008/2009Ryan Giggs
99.2%
2008/2009Wayne Rooney
99.2%
2009/2010Ryan Giggs
99.2%
2009/2010Wayne Rooney
99.2%
2010/2011Ryan Giggs
99.2%
2010/2011Wayne Rooney
99.2%
2011/2012Wayne Rooney
99.2%
2012/2013Ryan Giggs
99.2%
2012/2013Wayne Rooney
99.2%
2013/2014Wayne Rooney
99.2%
2014/2015Wayne Rooney
99.2%
2015/2016Wayne Rooney
99.2%
2017/2018Paul Pogba
97.7%
1999/2000Gary Neville
96.8%
2000/2001Gary Neville
96.8%
2000/2001Phil Neville
96.8%
2001/2002Gary Neville
96.8%
2001/2002Phil Neville
96.8%
2002/2003Gary Neville
96.8%
2003/2004Gary Neville
96.8%
2003/2004Phil Neville
96.8%
2005/2006Edwin van der Sar
96.8%
2005/2006Gary Neville
96.8%
2006/2007Edwin van der Sar
96.8%
2006/2007Gary Neville
96.8%
2007/2008Edwin van der Sar
96.8%
2008/2009Edwin van der Sar
96.8%
2009/2010Edwin van der Sar
96.8%
2010/2011Edwin van der Sar
96.8%
2011/2012David de Gea
96.8%
2012/2013David de Gea
96.8%
2013/2014David de Gea
96.8%
2014/2015David de Gea
96.8%
2015/2016David de Gea
96.8%
2016/2017David de Gea
96.8%
2007/2008Patrice Evra
96%
2008/2009Patrice Evra
96%
2009/2010Patrice Evra
96%
2010/2011Patrice Evra
96%
2011/2012Patrice Evra
96%
2012/2013Patrice Evra
96%
2013/2014Patrice Evra
96%
2017/2018David de Gea
95.3%
2017/2018Chris Smalling
95.3%
2017/2018Marcus Rashford
95.3%
2006/2007Nemanja Vidić
95.2%
2007/2008Nemanja Vidić
95.2%
2008/2009Nemanja Vidić
95.2%
Hint Answer % Correct
2009/2010Nemanja Vidić
95.2%
2010/2011Nemanja Vidić
95.2%
2013/2014Nemanja Vidić
95.2%
2016/2017Zlatan Ibrahimović
95.2%
1999/2000David Beckham
94.4%
1999/2000Andy Cole
94.4%
2000/2001David Beckham
94.4%
2002/2003Rio Ferdinand
94.4%
2002/2003David Beckham
94.4%
2003/2004Cristiano Ronaldo
94.4%
2004/2005Rio Ferdinand
94.4%
2004/2005Cristiano Ronaldo
94.4%
2005/2006Rio Ferdinand
94.4%
2005/2006Cristiano Ronaldo
94.4%
2006/2007Rio Ferdinand
94.4%
2006/2007Cristiano Ronaldo
94.4%
2007/2008Rio Ferdinand
94.4%
2007/2008Cristiano Ronaldo
94.4%
2008/2009Rio Ferdinand
94.4%
2008/2009Cristiano Ronaldo
94.4%
2011/2012Rio Ferdinand
94.4%
2012/2013Rio Ferdinand
94.4%
2006/2007Michael Carrick
93.5%
2007/2008Michael Carrick
93.5%
2008/2009Michael Carrick
93.5%
2009/2010Michael Carrick
93.5%
2010/2011Michael Carrick
93.5%
2011/2012Michael Carrick
93.5%
2012/2013Michael Carrick
93.5%
2013/2014Chris Smalling
93.5%
2013/2014Michael Carrick
93.5%
2014/2015Chris Smalling
93.5%
2015/2016Chris Smalling
93.5%
2015/2016Michael Carrick
93.5%
2017/2018Romelu Lukaku
93%
1999/2000Roy Keane
91.9%
1999/2000Dwight Yorke
91.9%
2000/2001Roy Keane
91.9%
2001/2002Roy Keane
91.9%
2003/2004Roy Keane
91.9%
2004/2005Roy Keane
91.9%
2016/2017Juan Manuel Mata
91.1%
2017/2018Luis Antonio Valencia
90.7%
2017/2018Ashley Young
90.7%
2011/2012Phil Jones
90.3%
2013/2014Phil Jones
90.3%
2000/2001Fabien Barthez
89.5%
2001/2002Fabien Barthez
89.5%
2002/2003Fabien Barthez
89.5%
2009/2010Luis Antonio Valencia
89.5%
2011/2012Luis Antonio Valencia
89.5%
2012/2013Luis Antonio Valencia
89.5%
2013/2014Luis Antonio Valencia
89.5%
2014/2015Luis Antonio Valencia
89.5%
2016/2017Luis Antonio Valencia
89.5%
2008/2009Dimitar Berbatov
87.1%
2009/2010Dimitar Berbatov
87.1%
2010/2011Dimitar Berbatov
87.1%
2011/2012Dimitar Berbatov
87.1%
2012/2013Robin van Persie
87.1%
2014/2015Robin van Persie
87.1%
2016/2017Marcus Rashford
87.1%
2014/2015Daley Blind
86.3%
2015/2016Daley Blind
86.3%
2016/2017Marcos Rojo
86.3%
2016/2017Daley Blind
86.3%
2017/2018Anthony Martial
86%
2014/2015Juan Manuel Mata
85.5%
2015/2016Juan Manuel Mata
85.5%
2000/2001Teddy Sheringham
84.7%
Hint Answer % Correct
2000/2001Ole Gunnar Solskjær
84.7%
2001/2002Ole Gunnar Solskjær
84.7%
2002/2003Ole Gunnar Solskjær
84.7%
2007/2008Carlos Tévez
83.9%
2016/2017Paul Pogba
83.9%
2017/2018Eric Bailly
83.7%
2012/2013Rafael
83.1%
2000/2001Wes Brown
82.3%
2007/2008Wes Brown
82.3%
2007/2008Nani
82.3%
2010/2011Nani
82.3%
2011/2012Nani
82.3%
2015/2016Anthony Martial
82.3%
1999/2000Jaap Stam
81.5%
2002/2003John O'Shea
81.5%
2003/2004John O'Shea
81.5%
2004/2005John O'Shea
81.5%
2005/2006John O'Shea
81.5%
2006/2007John O'Shea
81.5%
2008/2009John O'Shea
81.5%
2010/2011John O'Shea
81.5%
2017/2018Ander Herrera
81.4%
2001/2002Ruud van Nistelrooy
80.6%
2002/2003Ruud van Nistelrooy
80.6%
2003/2004Ruud van Nistelrooy
80.6%
2005/2006Ruud van Nistelrooy
80.6%
2014/2015Marcos Rojo
79%
2014/2015Ander Herrera
79%
2015/2016Ander Herrera
79%
2016/2017Ander Herrera
79%
2008/2009Darren Fletcher
78.2%
2009/2010Darren Fletcher
78.2%
2010/2011Darren Fletcher
78.2%
2014/2015Marouane Fellaini
75.8%
2003/2004Tim Howard
75%
2017/2018Nemanja Matić
74.4%
2016/2017Henrikh Mkhitaryan
74.2%
1999/2000Denis Irwin
72.6%
2006/2007Lois Saha
72.6%
2009/2010Jonathan Evans
72.6%
2011/2012Jonathan Evans
72.6%
2012/2013Jonathan Evans
72.6%
1999/2000Mikaël Silvestre
71.8%
2000/2001Mikaël Silvestre
71.8%
2001/2002Mikaël Silvestre
71.8%
2002/2003Mikaël Silvestre
71.8%
2003/2004Mikaël Silvestre
71.8%
2004/2005Mikaël Silvestre
71.8%
2005/2006Mikaël Silvestre
71.8%
2001/2002Juan Sebastián Verón
70.2%
2002/2003Juan Sebastián Verón
70.2%
2010/2011Javier Hernández
70.2%
2011/2012Javier Hernández
70.2%
2013/2014Javier Hernández
70.2%
2012/2013Danny Welbeck
69.4%
2013/2014Danny Welbeck
69.4%
2016/2017Eric Bailly
66.9%
2005/2006Ji-Sung Park
64.5%
2015/2016Matteo Darmian
64.5%
2001/2002Laurent Blanc
63.7%
2004/2005Roy Carroll
63.7%
2004/2005Alan Smith
62.1%
1999/2000Mark Bosnich
61.3%
2004/2005Gabriel Heinze
61.3%
2014/2015Ángel Di María
58.1%
2015/2016Memphis Depay
55.6%
2003/2004Diego Forlán
54.8%
2015/2016Morgan Schneiderlin
54.8%
2013/2014Adnan Januzaj
29%

You're not logged in!

Compare scores with friends on all Sporcle quizzes.
Sign Up with Email
OR
Log In

You Might Also Like...

Show Comments

Extras

Top Quizzes Today


Score Distribution

Your Account Isn't Verified!

In order to create a playlist on Sporcle, you need to verify the email address you used during registration. Go to your Sporcle Settings to finish the process.